书目信息 |
| 题名: |
英文判例阅读详解
|
|
| 作者: | 兰磊 编著 | |
| 分册: | ||
| 出版信息: | 北京 中国商务出版社 2006.02 |
|
| 页数: | 781页 | |
| 开本: | 23cm | |
| 丛书名: | ||
| 单 册: | ||
| 中图分类: | D971.209 | |
| 科图分类: | ||
| 主题词: | 案例--an li--英国--汉、英--汇编 , 案例--an li--美国--汉、英--汇编 | |
| 电子资源: | ||
| ISBN: | 7-80181-494-0 | |
| 000 | 00920nam0 2200253 450 | |
| 001 | 012007287376 | |
| 005 | 20171212104029.10 | |
| 010 | @a7-80181-494-0@dCNY98.00 | |
| 100 | @a20070805d2006 km y0chiy0120 ea | |
| 101 | 0 | @achi@aeng |
| 102 | @aCN@b110000 | |
| 105 | @aa a 000yy | |
| 200 | 1 | @a英文判例阅读详解@Aying wen pan li yue du xiang jie@d= Restatement of English cases studies@f兰磊编著@Flan lei bian zhu@zeng |
| 210 | @a北京@c中国商务出版社@d2006.02 | |
| 215 | @a781页@c图@d23cm | |
| 320 | @a有书目 (第776-781页)。 | |
| 330 | @a本书从制度基础开始详细解析了英美法判例如何阅读和理解,并对民事程序、行政程序作了详细介绍,附有详细的案例分析。 | |
| 510 | 1 | @aRestatement of English cases studies@zeng |
| 606 | 0 | @a案例@Aan li@y英国@y汉、英@j汇编 |
| 606 | 0 | @a案例@Aan li@y美国@y汉、英@j汇编 |
| 690 | @aD971.209@v4 | |
| 701 | 0 | @a兰磊@Alan lei@4编著 |
| 801 | 0 | @aCN@c20070929 |
| 905 | @dD971.209@eL036 | |
| 英文判例阅读详解= Restatement of English cases studies/兰磊编著.-北京:中国商务出版社,2006.02 |
| 781页:图;23cm |
| ISBN 7-80181-494-0:CNY98.00 |
| 本书从制度基础开始详细解析了英美法判例如何阅读和理解,并对民事程序、行政程序作了详细介绍,附有详细的案例分析。 |
| ● |
| 相关链接 |
|
|
|
正题名:英文判例阅读详解
索取号:D971.209/L036
 
预约/预借
| 序号 | 登录号 | 条形码 | 馆藏地/架位号 | 状态 | 备注 |
| 1 | 1237361 | 212373616 | 法学院资料室/ [索取号:D971.209/L036] | 在馆 | |
| 2 | 256013 | 202560139 | 社科库509/509社科库 108排1列5层/ [索取号:D971.209/L036] | 在馆 |